000 00473nam a2200181Ia 4500
005 20250326124703.0
008 250326s9999 xx 000 0 und d
037 _aTextbook
040 _aFMSL
_beng
_cFMSL
041 _aeng
_2eng
084 _aX:87 L9
_qFMSL
100 _aChatterjee S S
245 0 _aModern business
_cChatterjee S S
260 _aCalcutta
_bCalcutta, World
_c1979
300 _a637p
942 _cTB
_hX:87 L9
999 _c1274747
_d1274747